Statystyki dla Gminy Powiatu Gnieźnieńskiego

Kliknij tutaj aby rozwiązać quiz!

Ogólne statystyki

  • Ten quiz został rozwiązany 48 razy
  • Średni wynik to 6 z 10

Statystyki odpowiedzi

HintOdpowiedź% Poprawnych
miejskaGniezno
89%
wiejskaGniezno
89%
miejsko-wiejskaTrzemeszno
72%
miejsko-wiejskaWitkowo
69%
miejsko-wiejskaKłecko
56%
wiejskaŁubowo
56%
wiejskaNiechanowo
47%
wiejskaMieleszyn
36%
wiejskaKiszkowo
33%
miejsko-wiejskaCzerniejowce
6%

Rozkład punktacji

Percentyl według liczby udzielonych odpowiedzi

Procent ludzi z każdym wynikiem

Twoja historia wyników

Nie rozwiązałeś tego quizu